| 000 | 01573nam0a2200337 4500 | ||
|---|---|---|---|
| 001 | RU\NLR\BIBL_A\022623233 | ||
| 005 | 20251114121707.0 | ||
| 010 |
_a978-5-98559-054-8 _9300 |
||
| 021 |
_aRU _bКН-П-25-044232 _9КН-П-25-4301 |
||
| 035 | _a(NLR Aleph) 022623233 | ||
| 090 |
_a13465582 _c13465582 |
||
| 100 | _a20250917d2024 k y0rusy50 ca | ||
| 101 | 0 | _arus | |
| 102 | _aRU | ||
| 105 | _aah z 000yy | ||
| 181 | 0 |
_ai3 _baxxe |
|
| 182 | 0 | _an | |
| 200 | 1 |
_aПерепеловодство на промышленной основе _eмонография _fИ. П. Спиридонов, А. Б. Дымков, А. Б. Мальцев _gСибирский научно-исследовательский институт птицеводства - филиал ФГБНУ "Омский аграрный научный центр" |
|
| 203 |
_aТекст _bвизуальный _cнепосредственный |
||
| 210 |
_aОмск _cОмский АНЦ _d2024 |
||
| 215 |
_a482 с. _cцв. ил., табл., факс. _d21 |
||
| 320 | _aБиблиогр.: с. 441-477 (575 назв.) | ||
| 606 | 1 |
_aПромышленное перепеловодство _2nlr_sh2 _3RU\NLR\AUTH\6601564787 |
|
| 686 | 1 | _aП686.3 | |
| 700 | 1 |
_aСпиридонов _bИ. П. _f1939- _gИгорь Поликарпович |
|
| 701 | 1 |
_aДымков _bА. Б. _gАндрей Борисович |
|
| 701 | 1 |
_aМальцев _bА. Б. _f1957- _gАлександр Борисович |
|
| 942 | _cBOOK | ||
| 980 | _aNB | ||